[Event "Titled Tuesday intern op 13th Feb Late"]
[Site "Chess.com INT"]
[Date "2024.02.13"]
[Round "9"]
[White "Paravyan, David"]
[Black "Pichot, Alan"]
[Result "1-0"]
[WhiteElo "2612"]
[BlackElo "2644"]
[PlyCount "91"]
[EventDate "2024.02.13"]
[EventType "swiss (blitz)"]
[EventRounds "11"]
[EventCountry "USA"]
[SourceTitle "CB08_2024"]
[SourceDate "2024.02.21"]
[SourceVersion "1"]
[SourceVersionDate "2024.02.21"]
[SourceQuality "1"]

1. e4 e5 2. Nf3 Nc6 3. Bc4 Nf6 4. d3 Bc5 5. c3 d6 6. 0-0 h6 7. Re1 a5 8. Nbd2 0-0 9. Nf1 Be6 10. Bb5 Ba7 11. Ng3 Ne7 12. d4 Ng6 13. a4 c6 14. Bd3 Re8 15. h3 Nh7 16. Be3 Nh4 17. Be2 Nxf3+ 18. Bxf3 Qf6 19. Bg4 Ng5 20. h4 Nh7 21. Bxe6 Qxe6 22. d5 cxd5 23. Bxa7 Rxa7 24. exd5 Qg6 25. Qf3 Nf6 26. Rad1 Ra6 27. Nf5 Rb6 28. Rd2 Qg4 29. Nxh6+ gxh6 30. Qxf6 Qg7 31. Qf5 Qg6 32. Qd7 Rf8 33. Re3 Kh8 34. Qe7 Rg8 35. Rg3 Qb1+ 36. Kh2 Rxg3 37. fxg3 Rxb2 38. Qf8+ Kh7 39. Qxf7+ Kh8 40. Qf8+ Kh7 41. Qe7+ Kg8 42. Rxb2 Qxb2 43. Qe6+ Kg7 44. Qxd6 Qxc3 45. Qe7+ Kg6 46. d6 1-0

[Event "Titled Tuesday intern op 06th Feb Late"]
[Site "Chess.com INT"]
[Date "2024.02.06"]
[Round "7"]
[White "Kosakowski, Jakub"]
[Black "Pichot, Alan"]
[Result "1-0"]
[WhiteElo "2482"]
[BlackElo "2644"]
[PlyCount "81"]
[EventDate "2024.02.06"]
[EventType "swiss (blitz)"]
[EventRounds "11"]
[EventCountry "USA"]
[SourceTitle "CB07_2024"]
[SourceDate "2024.02.14"]
[SourceVersion "1"]
[SourceVersionDate "2024.02.14"]
[SourceQuality "1"]

1. e4 c5 2. Nf3 e6 3. d4 cxd4 4. Nxd4 Nc6 5. Nc3 Qc7 6. Be3 a6 7. Qf3 Ne5 8. Qg3 h5 9. h4 Nf6 10. Be2 b5 11. Bf4 d6 12. a3 Bb7 13. 0-0-0 Be7 14. Rhe1 0-0 15. Bh6 Neg4 16. Bg5 Rfd8 17. Kb1 Rac8 18. f3 Ne5 19. f4 Neg4 20. f5 e5 21. Nb3 Nxe4 22. Nxe4 Bxe4 23. Bxg4 Bxc2+ 24. Ka1 hxg4 25. Rc1 Qd7 26. Bxe7 Qxe7 27. Nd4 Be4 28. Rxc8 Rxc8 29. Rxe4 Rc1+ 30. Ka2 Qb7 31. Rxg4 exd4 32. Rxg7+ Kf8 33. Rg8+ Ke7 34. Qg5+ Kd7 35. Qxc1 d3 36. Ka1 b4 37. Qe3 Qd5 38. Qe8+ Kc7 39. Qb8+ Kd7 40. Qc8+ Ke7 41. Qd8# 1-0

[Event "Titled Tuesday intern op 06th Feb Late"]
[Site "Chess.com INT"]
[Date "2024.02.06"]
[Round "2"]
[White "Pichot, Alan"]
[Black "Martinez Pla, Xavier"]
[Result "1-0"]
[WhiteElo "2644"]
[BlackElo "2247"]
[PlyCount "117"]
[EventDate "2024.02.06"]
[EventType "swiss (blitz)"]
[EventRounds "11"]
[EventCountry "USA"]
[SourceTitle "CB07_2024"]
[SourceDate "2024.02.14"]
[SourceVersion "1"]
[SourceVersionDate "2024.02.14"]
[SourceQuality "1"]

1. e4 c5 2. Nf3 e6 3. d4 cxd4 4. Nxd4 Nc6 5. Nc3 Qc7 6. Be3 a6 7. Qf3 Nf6 8. 0-0-0 d6 9. Qg3 Bd7 10. Be2 Rc8 11. f3 b5 12. Nxc6 Bxc6 13. a3 Qb7 14. Rxd6 Bxd6 15. Qxd6 Qe7 16. Qe5 Bb7 17. Rd1 0-0 18. g4 Rfd8 19. Rxd8+ Rxd8 20. h4 Ne8 21. g5 Qd6 22. Qxd6 Nxd6 23. Bc5 Bc6 24. b3 f6 25. Bd3 Kf7 26. gxf6 gxf6 27. Kd2 Nb7 28. Bb6 Rg8 29. Ne2 Rg2 30. Ke3 Rh2 31. Nd4 Bd7 32. c4 bxc4 33. Bxc4 a5 34. Ba6 Bc8 35. Bxa5 Rxh4 36. Bc7 Rh1 37. b4 h5 38. Nb5 Ke7 39. Bb8 h4 40. Na7 Kd7 41. Bb5+ Kd8 42. Nc6+ Kd7 43. Na7+ Kd8 44. Kf2 Ra1 45. a4 e5 46. Nc6+ Kd7 47. Nxe5+ Kd8 48. Nc6+ Kd7 49. Na7+ Kd8 50. Nxc8 Kxc8 51. Bf4 Rb1 52. Kg2 Rxb4 53. Kh3 Nc5 54. Bd6 Rb3 55. Bxc5 Rxf3+ 56. Kg4 Rb3 57. Kxh4 Rc3 58. Bd4 Rb3 59. Bxf6 1-0